00969cam a22002774a 450000100090000000300050000900500170001400800410003101000170007202000150008902000220010404000180012604200080014405000250015208200190017724501160019626000450031230000390035744000570039650000080045350400530046165000280051465000270054270000310056985600910060012794668NUST20171124142020.0020530s2002 enkab b 001 0 eng  a 2002070753 a0415273404 a0419213902 (pbk.) aDLCcDLCdDLC apcc00aTD195.A34bA367 200200a628.52 GRA22100aAgricultural pollution :benvironmental problems and practical solutions /cGraham Merrington ... [edited al.]. aLondon :aNew York :bSpon Press,c2002. axiv, 243 p. :bill., map ;c24 cm. 0aSpon's environmental science and engineering series. aP.B aIncludes bibliographical references and indexes. 0aAgricultural pollution. 0aAgriculture and state.1 aMerrington, Graham,d1968-423Publisher descriptionuhttp://www.loc.gov/catdir/enhancements/fy0650/2002070753-d.html